MARC

LEADER 00000nam0a2200000 4500
001 115842
005 20231031122915.0
035 |a (RuTPU)RU\TPU\book\125311 
090 |a 115842 
100 |a 20070515d1983 km y0rusy50 ca 
101 0 |a rus 
102 |a RU 
105 |a a z 001zy 
200 1 |a Новые пьезокерамические материалы  |f Е. Г. Фесенко , А. Я. Данцигер, О. Н. Разумовская  |g Ростовский государственный университет ; под ред. Л. Н. Сыркина 
210 |a Ростов-на-Дону  |c Изд-во Ростовского ун-та  |d 1973 
215 |a 160 с.  |c ил. 
320 |a Библиогр.: с. 147-154. 
610 1 |a химическая технология 
610 1 |a пьезокерамика 
610 1 |a пьезокерамические материалы 
610 1 |a многокомпонентные системы 
610 1 |a структура 
610 1 |a твердые растворы 
610 1 |a модифицирование 
610 1 |a применение 
675 |a 666.655  |v 3 
700 1 |a Фесенко  |b Е. Г.  |g Евгений Григорьевич 
701 1 |a Данцигер  |b А. Я.  |g Алла Яковлевна 
701 1 |a Разумовская  |b О. Н.  |g Ольга Николаевна 
702 1 |a Сыркин  |b Л. Н.  |4 340 
712 0 2 |a Ростовский государственный университет  |2 stltpush  |3 (RuTPU)RU\TPU\col\3289 
801 1 |a RU  |b 63413507  |c 20070515  |g PSBO 
801 2 |a RU  |b 63413507  |c 20080505  |g PSBO 
942 |c BK